Značka a marketingová stratégia
Definícia, ktorá spája značku s pomenovaním alebo vizuálnym označením. Identifikácia a odlíšenie produktu i samotnej značky. Značka ako súbor informácií. Úloha značky v marketingovej stratégii.
Salvato in:
| Autore principale: | |
|---|---|
| Altri autori: | , |
| Natura: | Capitolo di libro |
| Lingua: | slovacco |
| Soggetti: | |
| Tags: |
Nessun Tag, puoi essere il primo ad aggiungerne!!
|
MARC
| LEADER | 00000nla$a2200000$$$4500 | ||
|---|---|---|---|
| 001 | 0129521 | ||
| 005 | 20221019090126.0 | ||
| 041 | 0 | |a slo | |
| 044 | |a SK | ||
| 245 | 1 | 0 | |a Značka a marketingová stratégia |c Anna Križanová, Juraj Kolenčík, Jana Majerová |
| 520 | |a Definícia, ktorá spája značku s pomenovaním alebo vizuálnym označením. Identifikácia a odlíšenie produktu i samotnej značky. Značka ako súbor informácií. Úloha značky v marketingovej stratégii. | ||
| 610 | 2 | 0 | |a marketing |
| 610 | 2 | 0 | |a stratégia marketingová |
| 610 | 2 | 0 | |a manažment produktový |
| 610 | 2 | 0 | |a produkty |
| 610 | 2 | 0 | |a výrobky značkové |
| 610 | 2 | 0 | |a značky výrobné |
| 610 | 2 | 0 | |a značky kvality |
| 610 | 2 | 0 | |a značky výrobkov |
| 610 | 2 | 0 | |a logo |
| 610 | 2 | 0 | |a spotrebitelia |
| 610 | 2 | 0 | |a zákazníci |
| 100 | 1 | |a Križanová, Anna | |
| 700 | 1 | |a Kolenčík, Juraj | |
| 700 | 1 | |a Majerová, Jana | |